Riconosci il Pokémon - Quiz n°886 - Statistics

Statistiche generali
  • Questo quiz è stato fatto 3 volte
  • Il punteggio medio è 10 su 10
Statistiche sulle risposte
Indizio Risposta % Corretto
Peso 118,0 kg; 25,0 kg (Megaevoluzione)
100%
Altezza 1,8 m; 2,0 m (Megaevoluzione)
100%
Tasso di cattura 25 (7.7%)
100%
Sesso 50% ♂, 50% ♀
100%
Abilità Aiutinsetto; Metalleggero; Tecnico (Normale; Megaevoluzione)
100%
Tipo Coleottero / Acciaio
100%
Tasso di allevamento Medio-Veloce
100%
Stadio evoluzione Prima evoluzione
100%
Pokémon Scizor
100%
Generazione Seconda
100%
Nessun quiz corrispondente trovato
Distribuzione punteggi
Percentuale di utenti per punteggio
Percentile per numero di risposta
I tuoi punteggi nel tempo
Non hai fatto questo quiz